00748cam a2200229 a 4500001000500000005001700005020001800022040002300040050002200063082001000085100001800095245003200113250004300145260005800188300005800246490003400304505000800338520009800346521001900444521002000463650003500483313520240208111240.0 a9780152048549 aDLCcDLCdDLCbeng00aPZ8.3.K275b 199900a372.61 aKeller, Holly10aWhat I see /cKeller, Holly aFirst green light readers edition 1999 aSan Diego :bGreen Light Readers/Harcourt, Inc.c1999 a19 unnumbered pages : bcolor illustrations ;c22 cm. a Green Light ReadersvBook 1  aC  aIllustrations and simple rhyming text describe what a child sees around the house and garden.0 a70 bLexile 0 aC bRaz-Plus  1afive senses vjuvenile fiction